Statistics for Where's Wally? - On The World Map

Click here to take the quiz!

General Stats

  • This quiz has been taken 979 times
    (891 since last reset)
  • The average score is 5 of 6

Answers on the Map

Answers color-coded by a green-red scale on the quiz's map according to % correct below.
 

Answer Stats

Country% Correct
China
98%
Canada
95%
Paraguay
91%
Iceland
88%
Tunisia
86%
Pakistan
85%
Ivory Coast
82%
Botswana
80%
Russia
70%

Score Distribution

Percentile by Number Answered

Percent of People with Each Score

Your Score History

You have not taken this quiz since the last reset